Val's Forgotten Knowledge #2 - Statistics

General Stats
  • This quiz has been taken 12 times
  • The average score is 8 of 15
Answer Stats
Hint Answer % Correct
Country on the Jutland Penninsula Denmark
100%
Colour of a black box on an airplane Orange
90%
New Jersey scientist and inventor of the light bulb Thomas Edison
90%
Italian inventor of the telescope Galileo Galilei
80%
Hindu peace symbol later used in a certain anti- semetic German state Swastika
80%
Country with the highest elevation Bhutan
50%
American landmine named after a Scottish sword Claymore
50%
Mountain range that translates to "Hindu Killer" Hindu Kush
50%
Contrary of the above Maldives
40%
Percentage of Earth's population that lives in the Northern Hemisphere 90%
20%
First Caliph of the above Abu Bakr
20%
Southern Mexican region, home to the Zapistas Chiapas
20%
Highest rank in the British military Field Marshal
20%
The first Muslim caliphate Rashidun Caliphate
20%
Roman shields used for war and conquest Scutum
20%
No matching quizzes found
Score Distribution
Percent of People with Each Score
Percentile by Number Answered
Your Score History
You have not taken this quiz